000 00369nam a2200133Ia 4500
005 20260328101507.0
008 260328s9999||||xx |||||||||||||| ||und||
100 _aNorman, Donald A.
245 0 _aEmotional Design :
_b Why we love (or hate) everyday things /
_cDonald A. Norman
260 _bBasic Books
300 _a257 p.
650 _aDISEÑO INDUSTRIAL
942 _cBK
999 _c9079
_d9079